Central Library OPAC University of Rajshahi

Shop stewards in British industry / (Record no. 2278)

MARC details
000 -LEADER
fixed length control field 01090cam a2200313 4500
001 - CONTROL NUMBER
control field 2278
003 - CONTROL NUMBER IDENTIFIER
rucl marc code BD-RjUL
005 - DATE AND TIME OF LATEST TRANSACTION
control field 20211208233521.0
008 - FIXED-LENGTH DATA ELEMENTS--GENERAL INFORMATION
fixed length control field 131211s1969 ctu 001 0 eng
020 ## - INTERNATIONAL STANDARD BOOK NUMBER
International Standard Book Number 084260071X
035 ## - SYSTEM CONTROL NUMBER
System control number (BD-RjUL)2305
040 ## - CATALOGING SOURCE
Original cataloging agency DLC
Transcribing agency DLC
Modifying agency DLC
-- BD-RjUL
Language of cataloging eng
041 ## - LANGUAGE CODE
Language code of text/sound track or separate title eng
082 00 - DEWEY DECIMAL CLASSIFICATION NUMBER
Classification number 331.873
Edition number 16
Author mark and year GOS 1969
100 1# - MAIN ENTRY--PERSONAL NAME
Personal name Goodman, J. F. B.
9 (RLIN) 7402
245 10 - TITLE STATEMENT
Title Shop stewards in British industry /
Statement of responsibility, etc. J. F. B. Goodman [and] T. G. Whittingham.
260 ## - PUBLICATION, DISTRIBUTION, ETC. (IMPRINT)
Place of publication, distribution, etc. London ;
-- New York :
Name of publisher, distributor, etc. McGraw-Hill ,
Date of publication, distribution, etc. c1969
300 ## - PHYSICAL DESCRIPTION
Pagination xiv, 256 p. ;
Size 22 cm.
350 ## - PRICE (NR) (BK AM CF MU VM SE) [OBSOLETE]
Price $10.00
500 ## - GENERAL NOTE
General note Label mounted on t.p.: Distr. by Lawrence Verry, Mystic, Conn.
General note Revised ed. published in 1973 under title: Shop stewards.
504 ## - BIBLIOGRAPHY, ETC. NOTE
Bibliography, etc Includes index.
650 #0 - SUBJECT ADDED ENTRY--TOPICAL TERM
Topical term or geographic name as entry element Shop stewards
Geographic subdivision Great Britain.
9 (RLIN) 7403
700 1# - ADDED ENTRY--PERSONAL NAME
Personal name Whittingham, T. G.
Fuller form of name (Terence George),
Relator term joint author.
856 ## - ELECTRONIC LOCATION AND ACCESS
Uniform Resource Identifier <a href="http://www.worldcat.org/title/shop-stewards-in-british-industry/oclc/92966&referer=brief_results">http://www.worldcat.org/title/shop-stewards-in-british-industry/oclc/92966&referer=brief_results</a>
942 ## - ADDED ENTRY ELEMENTS (KOHA)
Source of classification or shelving scheme Dewey Decimal Classification
Koha item type Books
Holdings
Lost status Source of classification or shelving scheme Damaged status Not for loan Collection code Permanent Location Current Location Shelving location Date acquired Source of acquisition Cost, normal purchase price Total Checkouts Full call number Date last seen Copy number Koha item type
  Dewey Decimal Classification   Not For Loan Non-fiction Central Library, University of Rajshahi Central Library, University of Rajshahi Reading Room 26/03/1970 Zeithlinger. 165.00   331.873 GOS 1969 11/12/2013 C-1 Books
  Dewey Decimal Classification     Non-fiction Central Library, University of Rajshahi Central Library, University of Rajshahi   26/03/1970 Zeithlinger. 165.00   331.873 GOS 1969 11/12/2013 C-3 Books
  Dewey Decimal Classification     Non-fiction Central Library, University of Rajshahi Central Library, University of Rajshahi   26/03/1970 ZEITLINGER 165.00   331.873 GOS 1969 17/12/2013 C-2 Books